M. de Chateaubriand (Record no. 167628)

MARC details
000 -LEADER
campo de control de longitud fija 00789nam a2200193 i 4500
001 - NÚMERO DE CONTROL
campo de control 167628
003 - IDENTIFICADOR DE NÚMERO DE CONTROL
campo de control ES-MaACL
005 - FECHA Y HORA DE LA ÚLTIMA TRANSACCIÓN
campo de control 20250905063054.0
008 - DATOS DE LONGITUD FIJA--INFORMACIÓN GENERAL
campo de control de longitud fija 021011s1858 fr |||| | fre d
040 ## - FUENTE DE CATALOGACIÓN
Centro catalogador/agencia de origen CCPB | B
Lengua de catalogación spa
Centro/agencia transcriptor CCPB | B
100 1# - ENTRADA PRINCIPAL--NOMBRE DE PERSONA
Nombre de persona Villemain, Abel-François,
Fechas asociadas al nombre 1791-1870
9 (RLIN) 133764
245 10 - MENCIÓN DEL TÍTULO
Título M. de Chateaubriand
Resto del título : sa vie, ses écrits, son influence litteraire et politique sur son temps /
Mención de responsabilidad, etc. par M. Villemain.
260 ## - PUBLICACIÓN, DISTRIBUCIÓN, ETC.
Lugar de publicación, distribución, etc. Paris :
Nombre del editor, distribuidor, etc. Michel Lévy, frères, libraires-éditeurs,
Fecha de publicación, distribución, etc. 1858.
300 ## - DESCRIPCIÓN FÍSICA
Extensión 1 v. ;
Dimensiones 22 cm.
505 8# - NOTA DE CONTENIDO CON FORMATO
Nota de contenido con formato 1e partie. La tribune moderne (IV, 560 p.)
600 17 - PUNTO DE ACCESO ADICIONAL DE MATERIA--NOMBRE DE PERSONA
Nombre de persona Chateaubriand, François-René,
Títulos y otros términos asociados al nombre vicomte de,
Fechas asociadas al nombre 1768-1848-
Subdivisión general Crítica e interpretación
Fuente del encabezamiento o término
9 (RLIN) 126469
852 ## - LOCALIZACIÓN
Ubicación ES-MaACL
Número de control de estantería G-12347
Nota libre -- Enc. hol.
Holdings
Estatus retirado Estado de pérdida Estado de daño No para préstamo Colección Biblioteca de origen Biblioteca actual Ubicación en estantería Fecha de adquisición Fuente de adquisición Total de préstamos Signatura topográfica completa Código de barras Visto por última vez Precio de reemplazo Tipo de ítem Koha
        Libros del s. XIX Biblioteca del Ateneo de Madrid Biblioteca del Ateneo de Madrid Sala Pecera Planta 3 17/01/2008     G-12347 1175862 23/02/2023 23/02/2023 Libro impreso antiguo